Universidades corporativas : consultoría de formación /
Guardat en:
| Altres autors: | , , |
|---|---|
| Format: | Electrònic eBook |
| Idioma: | espanyol |
| Publicat: |
Barcelona :
Editorial UOC,
[2018]
|
| Edició: | Primera edición en formato digital. |
| Col·lecció: | Manuales (Editorial UOC). Economía y empresa.
|
| Matèries: | |
| Accés en línia: | Digitalia Hispánica |
| Etiquetes: |
Afegir etiqueta
Sense etiquetes, Sigues el primer a etiquetar aquest registre!
|
MARC
| LEADER | 00000nam a2200000Ii 4500 | ||
|---|---|---|---|
| 001 | DIGUOCES0021 | ||
| 003 | NyNyDIG | ||
| 006 | m o d | ||
| 007 | cr ||||||||||| | ||
| 008 | 220318s2018 sp ob 000 0 spa d | ||
| 035 | |a (OCoLC)1199394300 | ||
| 040 | |a DGITA |b eng |e rda |e pn |c DGITA | ||
| 020 | |a 9788491801221 |q eBook |q pdf | ||
| 020 | |a 9788491801238 |q eBook |q ePub | ||
| 020 | |z 9788491801184 | ||
| 050 | 1 | 4 | |a HF5549.5.T7 ebook |
| 082 | 0 | 4 | |a 331.2592 |
| 245 | 0 | 0 | |a Universidades corporativas : |b consultoría de formación / |c Gregorio Casamayor Pérez, Toni Ramos Medina (coords.) ; prólogo de Jordi Solé Cuatrecasas. |
| 250 | |a Primera edición en formato digital. | ||
| 264 | 1 | |a Barcelona : |b Editorial UOC, |c [2018] | |
| 300 | |a 1 online resource. | ||
| 336 | |a text |b txt |2 rdacontent | ||
| 337 | |a computer |b c |2 rdamedia | ||
| 338 | |a online resource |b cr |2 rdacarrier | ||
| 347 | |a text file |2 rdaft | ||
| 347 | |b PDF | ||
| 490 | 1 | |a Economía y empresa | |
| 504 | |a Includes bibliographical references. | ||
| 588 | 0 | |a Online resource; title from PDF title page (Digitalia, viewed March 18, 2022) | |
| 650 | 0 | |a Employees |x Training of. | |
| 650 | 0 | |a Universities and colleges. | |
| 655 | 0 | |a Electronic books. | |
| 700 | 1 | |a Casamayor, Gregorio, |d 1955- |e editor. | |
| 700 | 1 | |a Ramos, Toni, |e editor. | |
| 700 | 1 | |a Solé Cuatrecasas, Jordi, |e contributor agent of text. | |
| 791 | 2 | |a Digitalia (Firm), |e distributor. | |
| 793 | 0 | |g Digitalia eBook Collection: |a Universitat Oberta de Catalunya | |
| 776 | 0 | 8 | |i Print version: |t Universidades corporativas. |b Primera edición en lengua castellana. |d Barcelona : Editorial UOC, [2018] |z 9788491801184 |
| 830 | 0 | |a Manuales (Editorial UOC). |p Economía y empresa. | |
| 856 | 4 | 0 | |3 Digitalia Hispánica |u https://digitalia.unach.elogim.com/a/54901/ |
| 910 | |a Premium collection: 2022 | ||